000 01038cam a22002531 4500
001 hew67000034
003 DLC
005 20260227111515.0
008 731119s1966 xx 000 0 eng
010 _ahew67000034
035 _a(OCoLC)744112
040 _aDLC
_cOClU
_dDLC
050 0 0 _aL112
_b.A453
110 1 _aUnited States.
_bOffice of Education.
245 1 0 _aEducation of handicapped children and youth,
_ba conference report: Possiblities and plans under the provision of title I, Elementary and secondary education act of 1965, Washington, D.C., August 11 and 12, 1965.
260 _a[Washington,
_c1966]
300 _av, 56p.
_c26cm.
500 _a"OE-35081."
504 _aBibliography: p.44.
650 0 _aChildren with disabilities
_xEducation
_zUnited States
650 0 _aChildren with social disabilities
_xEducation
_zUnited States
740 0 _aPossibilities and plans under the provisions of title I, Elementary and secondary education act of 1965.
740 0 _aElementary and secondary education act of 1965.
999 _c34677
_d34677